The Walking Dead Episode Titles - Statistics

General Stats
  • This quiz has been taken 92 times
    81 since last reset
  • The average score is 63 of 177
Answer Stats
Episode Answer % Correct
1x01 Days Gone Bye
84%
4x16 A
78%
1x02 Guts
78%
1x04 Vatos
75%
1x06 TS-19
71%
1x03 Tell It to the Frogs
69%
1x05 Wildfire
65%
2x12 Better Angels
63%
2x02 Bloodletting
63%
2x07 Pretty Much Dead Already
63%
2x08 Nebraska
61%
2x05 Chupacabra
59%
2x10 18 Miles Out
57%
2x04 Cherokee Rose
57%
3x01 Seed
57%
3x02 Sick
57%
7x01 The Day Will Come When You Won't Be
57%
2x13 Beside the Dying Fire
55%
2x11 Judge, Jury, Executioner
55%
5x01 No Sanctuary
55%
2x06 Secrets
55%
3x04 Killer Within
53%
6x16 Last Day on Earth
53%
4x08 Too Far Gone
53%
2x01 What Lies Ahead
53%
3x12 Clear
51%
5x08 Coda
51%
5x03 Four Walls and a Roof
51%
6x05 Now
49%
6x09 No Way Out
49%
2x09 Triggerfinger
49%
8x16 Wrath
49%
4x01 30 Days Without an Accident
47%
3x10 Home
47%
6x02 JSS
47%
8x01 Mercy
47%
2x03 Save the Last One
47%
4x14 The Grove
47%
5x10 Them
47%
4x15 Us
47%
4x09 After
45%
9x15 The Calm Before
45%
9x16 The Storm
45%
3x03 Walk with Me
45%
3x16 Welcome to the Tombs
45%
5x16 Conquer
43%
10x22 Here's Negan
43%
8x09 Honor
43%
3x11 I Ain't a Judas
43%
5x04 Slabtown
43%
7x16 The First Day of the Rest of Your Life
43%
7x02 The Well
43%
5x15 Try
43%
6x04 Here's Not Here
41%
4x10 Inmates
41%
11x24 Rest in Peace
41%
7x04 Service
41%
7x03 The Cell
41%
3x15 This Sorrowful Life
41%
5x09 What Happened and What's Going On
41%
4x11 Claimed
39%
9x08 Evolution
39%
6x01 First Time Again
39%
3x14 Prey
39%
4x12 Still
39%
5x02 Strangers
39%
6x03 Thank You
39%
9x02 The Bridge
39%
5x11 The Distance
39%
3x13 Arrow on the Doorpost
37%
5x13 Forget
37%
3x06 Hounded
37%
4x02 Infected
37%
4x03 Isolation
37%
4x06 Live Bait
37%
3x08 Made to Suffer
37%
9x07 Stradivarius
37%
3x09 The Suicide King
37%
9x05 What Comes After
37%
3x07 When the Dead Come Knocking
37%
4x07 Dead Weight
35%
7x08 Hearts Still Beating
35%
4x05 Internment
35%
6x12 Not Tomorrow Yet
35%
5x12 Remember
35%
6x10 The Next World
35%
6x15 East
33%
9x10 Omega
33%
3x05 Say the Word
33%
5x05 Self Help
33%
7x07 Sing Me a Song
33%
8x04 Some Guy
33%
7x06 Swear
33%
9x06 Who Are You Now?
33%
4x13 Alone
31%
5x06 Consumed
31%
5x07 Crossed
31%
11x23 Family
31%
7x05 Go Getters
31%
5x14 Spend
31%
8x12 The Key
31%
8x06 The King, the Widow, and Rick
31%
6x13 The Same Boat
31%
6x06 Always Accountable
29%
10x21 Diverged
29%
6x11 Knots Untie
29%
8x03 Monsters
29%
7x09 Rock in the Road
29%
8x05 The Big Scary U
29%
8x02 The Damned
29%
8x15 Worth
29%
10x16 A Certain Doom
27%
9x09 Adaptation
27%
8x11 Dead or Alive Or
27%
6x07 Heads Up
27%
4x04 Indifference
27%
7x10 New Best Friends
27%
7x12 Say Yes
27%
10x20 Splinter
27%
6x08 Start to Finish
27%
10x12 Walk with Us
27%
7x13 Bury Me Here
25%
7x11 Hostiles and Calamities
25%
10x01 Lines We Cross
25%
10x14 Look at the Flowers
25%
10x11 Morning Star
25%
11x21 Outpost 22
25%
8x07 Time for After
25%
9x13 Chokepoint
24%
8x13 Do Not Send Us Astray
24%
10x03 Ghosts
24%
10x17 Home Sweet Home
24%
9x14 Scars
24%
10x04 Silence the Whisperers
24%
10x09 Squeeze
24%
9x04 The Obliged
24%
10x15 The Tower
24%
6x14 Twice as Far
24%
10x02 We Are the End of the World
24%
10x13 What We Become
24%
9x11 Bounty
22%
11x03 Hunted
22%
7x15 Something They Need
22%
10x10 Stalker
22%
8x10 The Lost and the Plunderers
22%
7x14 The Other Side
22%
11x16 Acts of God
20%
10x06 Bonds
20%
10x18 Find Me
20%
11x09 No Other Way
20%
10x19 One More
20%
10x07 Open Your Eyes
20%
8x14 Still Gotta Mean Something
20%
9x03 Warning Signs
20%
11x01 Acheron: Part I
18%
11x02 Acheron: Part II
18%
11x18 A New Deal
18%
9x12 Guardians
18%
11x04 Rendition
18%
11x12 The Lucky Ones
18%
10x08 The World Before
18%
11x15 Trust
18%
10x05 What It Always Is
18%
9x01 A New Begining
16%
11x08 For Blood
16%
11x10 New Haunts
16%
11x06 On the Inside
16%
11x14 The Rotten Core
16%
11x19 Variant
16%
11x22 Faith
14%
11x17 Lockdown
14%
11x05 Out of the Ashes
14%
11x07 Promises Broken
14%
11x13 Warlords
14%
8x08 How It's Gonna Be
12%
11x20 What's Been Lost
12%
11x11 Rouge Element
6%
No matching quizzes found
Score Distribution
Percent of People with Each Score
Percentile by Number Answered
Your Score History
You have not taken this quiz since the last reset